5HLuxD.jpg

KING HENRY VIII SENIOR AND PRIMARY SCHOOL LIBRARY OPAC

47 Ronin : (Record no. 3806)

000 -LEADER
fixed length control field 01994cam a2200397 i 4500
001 - CONTROL NUMBER
control field 18543043
003 - CONTROL NUMBER IDENTIFIER
control field OSt
005 - DATE AND TIME OF LATEST TRANSACTION
control field 20241030115121.0
008 - FIXED-LENGTH DATA ELEMENTS--GENERAL INFORMATION
fixed length control field 150326s2014 enka j 000 0 eng
010 ## - LIBRARY OF CONGRESS CONTROL NUMBER
LC control number 2014501339
020 ## - INTERNATIONAL STANDARD BOOK NUMBER
International Standard Book Number 9780194786126 (Book)
020 ## - INTERNATIONAL STANDARD BOOK NUMBER
International Standard Book Number 0194786129 (Book)
040 ## - CATALOGING SOURCE
Original cataloging agency DLC
Language of cataloging eng
Description conventions rda
Transcribing agency DLC
Modifying agency DLC
-- KH8
042 ## - AUTHENTICATION CODE
Authentication code pcc
082 ## - DEWEY DECIMAL CLASSIFICATION NUMBER
Classification number 428.6 BAS
100 1# - MAIN ENTRY--PERSONAL NAME
Personal name Bassett, Jennifer,
Relator term author.
245 10 - TITLE STATEMENT
Title 47 Ronin :
Remainder of title a Samurai story from Japan /
Statement of responsibility, etc. [adapted by] Jennifer Bassett ; illustrated by Dragon76.
246 33 - VARYING FORM OF TITLE
Title proper/short title Forty-seven Ronin.
264 #1 - PRODUCTION, PUBLICATION, DISTRIBUTION, MANUFACTURE, AND COPYRIGHT NOTICE
Place of production, publication, distribution, manufacture Oxford, U.K. :
Name of producer, publisher, distributor, manufacturer Oxford University Press,
Date of production, publication, distribution, manufacture, or copyright notice 2014.
300 ## - PHYSICAL DESCRIPTION
Extent viii, 56 pages :
Other physical details illustrations ;
Dimensions 20 cm.
336 ## - CONTENT TYPE
Content type term text
Content type code txt
Source rdacontent
337 ## - MEDIA TYPE
Media type term unmediated
Media type code n
Source rdamedia
338 ## - CARRIER TYPE
Carrier type term volume
Carrier type code nc
Source rdacarrier
490 1# - SERIES STATEMENT
Series statement Oxford bookworms. True stories ;
Volume/sequential designation Stage 1
500 ## - GENERAL NOTE
General note Includes activities for before, while and after reading.
520 ## - SUMMARY, ETC.
Summary, etc. "When Lord Asano drew his sword on Lord Kira one spring day in 1701, it began a story that is now a national legend in Japan. Lord Kira lived, but Lord Asano died, and after his death, his samurai became ronin, samurai without a master. And so began their long plan for revenge on Lord Kira. Their loyalty to their dead master made them famous, and people in Japan remember them to this day. The story of the forty-seven ronin has been told and retold for 300 years - in plays, novels, and films. A major Hollywood film was made about the forty-seven ronin in 2013."--Cover.
630 00 - SUBJECT ADDED ENTRY--UNIFORM TITLE
Uniform title Forty-seven Rōnin
650 #0 - SUBJECT ADDED ENTRY--TOPICAL TERM
Topical term or geographic name entry element Readers (Secondary)
650 #0 - SUBJECT ADDED ENTRY--TOPICAL TERM
Topical term or geographic name entry element Reading comprehension
Form subdivision Problems, exercises, etc.
650 #0 - SUBJECT ADDED ENTRY--TOPICAL TERM
Topical term or geographic name entry element English language
Form subdivision Textbooks for foreign speakers.
650 #0 - SUBJECT ADDED ENTRY--TOPICAL TERM
Topical term or geographic name entry element Yōkai (Japanese folklore)
Form subdivision Juvenile literature.
650 #0 - SUBJECT ADDED ENTRY--TOPICAL TERM
Topical term or geographic name entry element Samurai
Form subdivision Juvenile literature.
651 #0 - SUBJECT ADDED ENTRY--GEOGRAPHIC NAME
Geographic name Japan
General subdivision History
Chronological subdivision Tokugawa period, 1600-1868
Form subdivision Juvenile literature.
700 1# - ADDED ENTRY--PERSONAL NAME
Personal name Dragon76
Titles and other words associated with a name (Japanese artist)
Relator term illustrator.
942 ## - ADDED ENTRY ELEMENTS (KOHA)
Source of classification or shelving scheme
Koha item type Teaching Resources
Holdings
Withdrawn status Lost status Source of classification or shelving scheme Damaged status Not for loan Collection code Permanent Location Current Location Shelving location Date acquired Total Checkouts Full call number Barcode Date due Date last seen Date last checked out Copy number Price effective from Koha item type
          Teaching Resources KH8 Senior School Library KH8 Senior School Library Staff Office 2024-10-30 1 428.6 BAS TRKHSL006032 2025-07-04 2024-11-07 2024-11-07 1 2024-10-30 Teaching Resources
          Teaching Resources KH8 Senior School Library KH8 Senior School Library Staff Office 2024-10-30 1 428.6 BAS TRKHSL006033 2025-07-04 2024-11-07 2024-11-07 2 2024-10-30 Teaching Resources
          Teaching Resources KH8 Senior School Library KH8 Senior School Library Staff Office 2024-10-30 1 428.6 BAS TRKHSL006034 2025-07-04 2024-11-07 2024-11-07 3 2024-10-30 Teaching Resources
          Teaching Resources KH8 Senior School Library KH8 Senior School Library Staff Office 2024-10-30 1 428.6 BAS TRKHSL006035 2025-07-04 2024-11-07 2024-11-07 4 2024-10-30 Teaching Resources
          Teaching Resources KH8 Senior School Library KH8 Senior School Library Staff Office 2024-10-30 1 428.6 BAS TRKHSL006036 2025-07-04 2024-11-07 2024-11-07 5 2024-10-30 Teaching Resources
          Teaching Resources KH8 Senior School Library KH8 Senior School Library Staff Office 2024-10-30 1 428.6 BAS TRKHSL006037 2025-07-04 2024-11-07 2024-11-07 6 2024-10-30 Teaching Resources
          Teaching Resources KH8 Senior School Library KH8 Senior School Library Staff Office 2024-10-30 1 428.6 BAS TRKHSL006038 2025-07-04 2024-11-07 2024-11-07 7 2024-10-30 Teaching Resources
          Teaching Resources KH8 Senior School Library KH8 Senior School Library Staff Office 2024-10-30 1 428.6 BAS TRKHSL006039 2025-07-04 2024-11-07 2024-11-07 8 2024-10-30 Teaching Resources
          Teaching Resources KH8 Senior School Library KH8 Senior School Library Staff Office 2024-10-30 1 428.6 BAS TRKHSL006040 2025-07-04 2024-11-07 2024-11-07 9 2024-10-30 Teaching Resources
          Teaching Resources KH8 Senior School Library KH8 Senior School Library Staff Office 2024-10-30 1 428.6 BAS TRKHSL006041 2025-07-04 2024-11-07 2024-11-07 10 2024-10-30 Teaching Resources

Powered By KH8 IT Dept